César Chávez : the struggle for justice = César Chávez : la lucha por la justicia /
A simple biography of the man who worked to win fairer treatment of the migrant farm workers in California in the 1960s and to establish the United Farm Workers union.
Guardado en:
| Autor principal: | |
|---|---|
| Otros Autores: | , |
| Formato: | Electrónico eBook |
| Lenguaje: | inglés español |
| Publicado: |
Houston, Texas :
Piñata Books,
2002
|
| Colección: | Hispanic civil rights series,
|
| Materias: | |
| Acceso en línea: | Digitalia Hispánica |
| Etiquetas: |
Agregar Etiqueta
Sin Etiquetas, Sea el primero en etiquetar este registro!
|
MARC
| LEADER | 00000nam a2200000Ii 4500 | ||
|---|---|---|---|
| 001 | DIGARTEP0025 | ||
| 003 | NyNyDIG | ||
| 008 | 141001s2002 txua bo 000 0 eng d | ||
| 006 | m o d | ||
| 007 | cr ||||||||||| | ||
| 020 | |a 9781611920352 |q electronic book | ||
| 020 | |a 1611920353 |q electronic book | ||
| 020 | |z 9781558853249 |q pbk. : alk. paper | ||
| 020 | |z 1558853243 |q pbk. : alk. paper | ||
| 040 | |a DGITA |b eng |e rda |e pn |c DGITA | ||
| 041 | 1 | |a spa |a eng | |
| 043 | |a n-us--- | ||
| 050 | 1 | 4 | |a HD6509 ebook |
| 100 | 1 | |a Griswold del Castillo, Richard, |e author. | |
| 245 | 1 | 0 | |a César Chávez : |b the struggle for justice = César Chávez : la lucha por la justicia / |c by Richard Griswold del Castillo ; Spanish translation by José Juan Colín ; illustrations by Anthony Accardo. |
| 246 | 3 | 1 | |a César Chávez : |b la lucha por la justicia |
| 264 | 1 | |a Houston, Texas : |b Piñata Books, |c 2002 | |
| 300 | |a 1 online resource (1 v. (unpaged)) : |b illustrations. | ||
| 336 | |a text |b txt |2 rdacontent | ||
| 337 | |a computer |b c |2 rdamedia | ||
| 338 | |a online resource |b cr |2 rdacarrier | ||
| 490 | 1 | |a Hispanic civil rights series | |
| 520 | |a A simple biography of the man who worked to win fairer treatment of the migrant farm workers in California in the 1960s and to establish the United Farm Workers union. | ||
| 546 | |a English; Parallel English and Spanish texts = Textos paralelos en inglés y español. | ||
| 588 | |a Description based on online resource; title from PDF title page (Digitalia, viewed October 13, 2014) | ||
| 600 | 1 | 0 | |a Chavez, Cesar, |d 1927-1993 |v Juvenile literature. |
| 650 | 0 | |a Labor leaders |z United States |v Biography |v Juvenile literature. | |
| 650 | 0 | |a Mexican Americans |v Biography |v Juvenile literature. | |
| 650 | 0 | |a Agricultural laborers |x Labor unions |z United States |x History |v Juvenile literature. | |
| 610 | 2 | 0 | |a United Farm Workers |x History |v Juvenile literature. |
| 600 | 1 | 1 | |a Chavez, Cesar, |d 1927-1993. |
| 650 | 1 | |a Labor leaders. | |
| 650 | 1 | |a Mexican Americans |v Biography. | |
| 610 | 2 | 1 | |a United Farm Workers. |
| 650 | 1 | |a Spanish language materials |x Bilingual. | |
| 655 | 0 | |a Electronic books. | |
| 700 | 1 | |a Accardo, Anthony, |e illustrator. | |
| 700 | 1 | |a Colín, José Juan, |e translator. | |
| 791 | 2 | |a Digitalia (Firm), |e distributor. | |
| 793 | 0 | |g Digitalia eBook Collection: |a Arte Público Press. | |
| 776 | 0 | 8 | |i Print version: |a Griswold del Castillo, Richard. |t César Chávez. |d Houston, Texas : Piñata Books, c2002 |z 9781558853249 |w (OCoLC)48083852 |
| 830 | 0 | |a Hispanic civil rights series, | |
| 856 | 4 | 0 | |3 Digitalia Hispánica |u https://digitalia.unach.elogim.com/a/23121/ |